000 00315nam a22001337a 4500
008 180126b xxu||||| |||| 00| 0 eng d
020 _a0529048523
041 _aeng
080 _22nd.
_a038
100 _a39
101 _aFJA
245 _aWebster's New Twentieth Century Dictionary
_cWebster, N
942 _2udc
_cBK
999 _c41006
_d41006